[Event "RUS-chT U14"]
[Site "Sochi"]
[Date "2017.05.05"]
[Round "5.5"]
[White "Khalikov, Bulat"]
[Black "Kalaychev, Nodis"]
[Result "1-0"]
[WhiteElo "1854"]
[BlackElo "1490"]
[PlyCount "97"]
[EventDate "2017.05.01"]
[EventType "team-tourn"]
[EventRounds "9"]
[EventCountry "RUS"]
[SourceTitle "CBM 178 Extra"]
[Source "ChessBase"]
[SourceDate "2017.06.22"]
[SourceVersion "1"]
[SourceVersionDate "2017.06.22"]
[SourceQuality "1"]

1. e4 e5 2. Nf3 Nc6 3. d4 d6 4. dxe5 Bg4 5. exd6 Bxd6 6. Nc3 Nf6 7. Be2 0-0 8. 0-0 Re8 9. h3 Bh5 10. Bg5 h6 11. Bh4 g5 12. Nxg5 Bxe2 13. Qxe2 hxg5 14. Bxg5 Be7 15. f4 Nh7 16. Bh6 Bf8 17. Bxf8 Rxf8 18. Rad1 Qh4 19. Rd5 Kh8 20. Rh5 Qg3 21. Nd5 f6 22. Nxc7 Rac8 23. Ne6 Rf7 24. Rh6 Nd8 25. Rf3 Qg8 26. Nd4 Rd7 27. c3 Qxa2 28. Rg3 Qf7 29. Qg4 Nc6 30. Nf5 Rg8 31. Qh4 Ne7 32. Rxh7+ Qxh7 33. Qxf6+ Rg7 34. Rxg7 Ng8 35. Rxg8+ Kxg8 36. Nh6+ Qxh6 37. Qxh6 Rd1+ 38. Kh2 Rb1 39. e5 Rxb2 40. e6 Re2 41. Qg6+ Kh8 42. Qh5+ Kg8 43. Qxe2 Kf8 44. e7+ Ke8 45. Qe5 b6 46. Qe6 a5 47. f5 a4 48. f6 a3 49. f7# 1-0

[Event "RUS-chT U14"]
[Site "Sochi"]
[Date "2017.05.04"]
[Round "4.1"]
[White "Kalaychev, Nodis"]
[Black "Galiev, Irek"]
[Result "0-1"]
[WhiteElo "1490"]
[BlackElo "1866"]
[PlyCount "66"]
[EventDate "2017.05.01"]
[EventType "team-tourn"]
[EventRounds "9"]
[EventCountry "RUS"]
[SourceTitle "CBM 178 Extra"]
[Source "ChessBase"]
[SourceDate "2017.06.22"]
[SourceVersion "1"]
[SourceVersionDate "2017.06.22"]
[SourceQuality "1"]

1. d4 Nf6 2. Nf3 g6 3. e3 d5 4. Nbd2 Bg7 5. b3 0-0 6. Bb2 c5 7. Bd3 Nc6 8. a3 Bg4 9. 0-0 cxd4 10. exd4 Nh5 11. Qe1 Nf4 12. Bb5 Rc8 13. Qe3 Bh6 14. Kh1 Bxf3 15. Nxf3 Kg7 16. Bc1 g5 17. h4 f6 18. g3 Ng6 19. hxg5 Bxg5 20. Nxg5 fxg5 21. Qxg5 Nxd4 22. Bd3 Qd6 23. Bf4 Qf6 24. Qxd5 Nxf4 25. gxf4 Qh4+ 26. Kg2 Qg4+ 27. Kh1 Qh3+ 28. Kg1 Nf3+ 29. Qxf3 Qxf3 30. Kh2 Qxf4+ 31. Kg2 Rc5 32. Rg1 Rg5+ 33. Kh1 Qh4# 0-1